书目信息 |
| 题名: |
大宋平江
|
|
| 作者: | 张焕强 主编 ;苏州市姑苏区政协文化文史委员会 编 | |
| 分册: | 上部 | |
| 出版信息: | 苏州 苏州大学出版社 2021.12 |
|
| 页数: | 298页 | |
| 开本: | 24cm | |
| 丛书名: | ||
| 单 册: | ||
| 中图分类: | K827 | |
| 科图分类: | ||
| 主题词: | 郡守--jun shou--生平事迹--苏州市--宋代 | |
| 电子资源: | ||
| ISBN: | 978-7-5672-3846-6 | |
| 000 | 00908nam0 2200241 450 | |
| 001 | 011025153454 | |
| 005 | 20221025153454.0 | |
| 010 | @a978-7-5672-3846-6@dCNY58.00 | |
| 100 | @a20201004d2021 em y0chiy0120 ea | |
| 101 | 0 | @achi |
| 102 | @aCN@b320000 | |
| 105 | @ay z 000yy | |
| 106 | @ar | |
| 200 | 1 | @a大宋平江@Ada song ping jiang@e宋朝苏州郡守其人其事@h上部@f张焕强主编@g苏州市姑苏区政协文化文史委员会编 |
| 210 | @a苏州@c苏州大学出版社@d2021.12 | |
| 215 | @a298页@d24cm | |
| 330 | @a本书重点介绍北宋苏州知府及相关人物和苏州经济社会文化发展情况。 | |
| 517 | 1 | @a宋朝苏州郡守其人其事@Asong chao su zhou jun shou qi ren qi shi |
| 606 | 0 | @a郡守@Ajun shou@x生平事迹@y苏州市@z宋代 |
| 690 | @aK827@v5 | |
| 701 | 0 | @a张焕强@Azhang huan qiang@4主编 |
| 712 | 02 | @a苏州市姑苏区政协文化文史委员会@Asu zhou shi gu su qu zheng xie wen hua wen shi wei yuan hui@4编 |
| 905 | @a河南城建学院图书馆@dK827@eZ115 | |
| 大宋平江:宋朝苏州郡守其人其事.上部/张焕强主编/苏州市姑苏区政协文化文史委员会编.-苏州:苏州大学出版社,2021.12 |
| 298页;24cm |
| ISBN 978-7-5672-3846-6:CNY58.00 |
| 本书重点介绍北宋苏州知府及相关人物和苏州经济社会文化发展情况。 |
| ● |
| 相关链接 |
|
|
|
正题名:大宋平江
索取号:K827/Z115
 
预约/预借
| 序号 | 登录号 | 条形码 | 馆藏地/架位号 | 状态 | 备注 |
| 1 | 1588292 | 215882926 | 社科库309/309社科库 56排5列2层/ [索取号:K827/Z115] | 在馆 | |
| 2 | 1588293 | 215882935 | 社科库309/309社科库 56排5列2层/ [索取号:K827/Z115] | 在馆 |